Zhenshchina : roman, rasskazy /

Bibliographic Details
Main Author: Upīts, Andrejs, 1877-1970
Format: Book
Language:Russian
Published: Moskva : "Khudozh. lit-ra", 1987.

MARC

Tag First Indicator Second Indicator Subfields
LEADER 00000cam a2200000 a 4500
001 in00001789286
005 20151025125244.0
008 890126s1987 ru a 000 f rusoc
035 |a (OCoLC)ocm19070621 
040 |a EEM  |c EEM  |d GZM  |d TXA  |d UtOrBLW 
041 1 |a rus  |h lav 
042 |a pcc 
049 |a TXAM 
050 4 |a PG9048.U7  |b S517 1987 
100 1 |a Upīts, Andrejs,  |d 1877-1970. 
240 1 0 |a Sieviete.  |l Russian 
245 1 0 |a Zhenshchina :  |b roman, rasskazy /  |c Andreĭ Upit ; perevod s latyshskogo. 
264 1 |a Moskva :  |b "Khudozh. lit-ra",  |c 1987. 
300 |a 541 pages :  |b color illustrations ;  |c 21 cm. 
336 |a text  |b txt  |2 rdacontent 
337 |a unmediated  |b n  |2 rdamedia 
338 |a volume  |b nc  |2 rdacarrier 
505 0 |a Zhenshchina -- Svobodnoe slovo -- Ugli pod peplom -- Vetrov protivoborstvo -- Prichiny i sledstvii︠a︡ -- Ubiĭt︠s︡a roz -- Uchenik Mopassana -- Schastʹe v neschastʹe -- S gordym vidom -- Zhazhda zhizni -- V more -- Poslednee deĭstvie. 
948 |a cataloged  |b h  |c 2003/11/14  |d c  |e tchubaryan  |f 9:47:28 am 
994 |a E0  |b TXA 
999 |a MARS 
999 f f |s b12c398d-53f8-3fb2-ba6a-211cf3c70661  |i 12bb9ec9-ec3c-3753-9e15-645bbb3576c7  |t 0 
952 f f |p ric  |a Texas A&M University  |b Rellis Campus  |c Joint Library Facility  |s JLF  |d Remote Storage  |t 0  |e PG9048.U7 S517 1987  |h Library of Congress classification  |i unmediated -- volume  |m A14830741421 
998 f f |a PG9048.U7 S517 1987  |t 0  |l Remote Storage